000 00244nam a2200097Ia 4500
001 643423
005 20250826153545.0
008 250824s9999 xx 000 0 und d
245 0 _aKURULUŞ SULTANLARI
_cSEVİNÇ KUŞOĞLU
260 _bGENÇ TİMAŞ
999 _c643423
_d643423